000 00412 a2200145 4500
999 _c3063
_d3063
020 _a978003545424
050 _aPE1115 2008
100 _aYoung J. Dona
_eauthor
245 _aBusiness English :
_bwriting for the global workplace
_cDona J, Young
264 _aNew York :
_bMcGraw- Hill
_c2008
300 _a398p.:
500 _aincludes index.
650 _aBusiness communication
942 _2lcc
_cBK
_h1115
_iYOU
_kKF